| 000 | 00563nam a22001697a 4500 | ||
|---|---|---|---|
| 003 | BD-DhUL | ||
| 005 | 20171115150219.0 | ||
| 008 | 171115snd. pk ||||| |||| 00| 0 per d | ||
| 040 |
_aBD-DhUL _cBD-DhUL |
||
| 082 |
_a891.551 _bRAP |
||
| 100 | 1 | _aرشید، مرزا محمد | |
| 245 | 0 |
_aحکایات بیدپاے یعنی انوار دہیلی کاایک نیا اردو تریجمہ / _cمرزا محمد رشید |
|
| 260 |
_aلاہور : _bکتاب منزل، _c۔ |
||
| 300 |
_aص۔ ۴۵۴ ؛ _c۱۸ سم۔ |
||
| 650 | 0 | _aPersian poetry | |
| 942 |
_2ddc _cBK |
||
| 999 |
_c232104 _d232104 |
||